Veřejná soutěž a tajné dohody

Štúdia amerického ekonóma A.A.Alchiana z r. 1977 o problematike tajných dohôd voči verejnému sektoru. Tajné dohody - jedna z foriem obmedzovania alebo likvidácie verejnej súťaže. Podmienky verejnej súťaže. Nákupná politika verejného a súkromného sektora. Súperenie predávajúcich. Tajné dohody.

Salvato in:
Dettagli Bibliografici
Autore principale: Klusoň, Václav
Natura: Capitolo di libro
Lingua:ceco
Soggetti:
Tags: Aggiungi Tag
Nessun Tag, puoi essere il primo ad aggiungerne!!

MARC

LEADER 00000naa a2200000 4500
001 r015441
005 20221213082122.1
041 0 |a cze 
044 |a CZ 
245 1 0 |a Veřejná soutěž a tajné dohody  |c Václav Klusoň 
520 |a Štúdia amerického ekonóma A.A.Alchiana z r. 1977 o problematike tajných dohôd voči verejnému sektoru. Tajné dohody - jedna z foriem obmedzovania alebo likvidácie verejnej súťaže. Podmienky verejnej súťaže. Nákupná politika verejného a súkromného sektora. Súperenie predávajúcich. Tajné dohody. 
610 2 0 |a súťaž verejná 
610 2 0 |a sektor verejný 
610 2 0 |a sektor súkromný 
100 1 |a Klusoň, Václav